| 000 | 00901nam a22002297i 4500 | ||
|---|---|---|---|
| 999 |
_c23264 _d23264 |
||
| 003 | AR-CdUCM | ||
| 008 | 250411b20182018 pe||||| |||| 00| 0 spa d | ||
| 020 | _a978-612-47939-0-5 | ||
| 040 |
_aMUNICIPALIDAD PROVINCIAL DEL CUSCO _cBIBLIOTECA MUNICIPAL DEL CUSCO |
||
| 041 | _hspa | ||
| 082 |
_aPI / 372 / A53 _bA53 |
||
| 100 |
_aMicaela / _951123 |
||
| 245 |
_aLlactaypa quri taqhi yachaynin : _bSaberes de oro de mi pueblo / |
||
| 260 |
_aWanchaq-Cusco : _bAmhauta _c2018 |
||
| 300 |
_a73 páginas. : _bIlustraciones _c22x22 cm. |
||
| 505 | _aMi comunidad -- El barbecho --Siembra del maíz -- Siembra de la papa -- La wathiya -- Carnavales, expresión cultural de mi tierra | ||
| 650 |
_aLiteratura infantil _9588 |
||
| 650 |
_aPrimera infancia _924660 |
||
| 700 |
_aMicaela y Gricelda (autoras de textos y dibujos) _951124 |
||
| 942 |
_2ddc _cLIBROS |
||
| 945 |
_apbjr _d11-04-2025 |
||